000 00877nas a2200301 4500
001 BR2017002140
003 BR-BrBNA
005 20231205131039.0
007 ta
008 230509b bl.|||p| |||| 00| 00por d
040 _aBR-BrBNA
_bpor
_cBiblioteca Nacional de Agricultura
041 _a(En)
072 _aL73
100 1 _aLi, X.
100 1 _aSu, S.
100 1 _aCui, N.
100 1 _aZhou, H.
100 1 _aLiu, X.
100 1 _aCui, Z.
245 1 _aTranscriptone analysis of chicken embryo fibroblast cell infected with Marek's disease virus of GX0101LTR
650 _aFRANGO DE CORTE
650 _aMAREK
650 _aVIRUS
650 _aINFECÇÃO
773 0 _tBrazilian Journal of Poultry Science (Brazil)
_xISSN 1516-635X
_g(Apr-Jun 2017), v. 19(2) p. 179-184
_wBR2017002140
909 _a202311
_bLúcia
_c55
_dLúcia Elande
942 _2AGRIS
_n0
_cANA
999 _c252751
_d252751